| 000 | nam a22 7a 4500 | ||
|---|---|---|---|
| 999 |
_c127754 _d127754 |
||
| 008 | 180323b xxu||||| |||| 00| 0 eng d | ||
| 050 |
_aBL600 _b.C345 |
||
| 100 |
_aCazeneuve, Jean _939529 |
||
| 245 |
_aSociologie du rite _btabou, magie, sacre _cJean Cazeneuve |
||
| 260 |
_aParis _bPresses Universitaires de France _c1971 |
||
| 300 |
_a334p. ; _c18cm. |
||
| 440 |
_aLe sociologue _n23 _940906 |
||
| 650 |
_aRites and ceremonies _91907 |
||
| 650 |
_aPurity, Ritual _937882 |
||
| 650 |
_aMagic _932316 |
||
| 942 |
_2lcc _cMONOGRAPH |
||